000 00689nam a2200241Ia 4500
003 OSt
005 20220923222939.0
006 a|||||r|||| 00| 0
007 ta
008 220922b |||||||| |||| 00| 0 hin d
024 _a208,941
037 _cTextual
040 _aARTS
_cARTS
_bhin
041 _2hin
_ahin
082 _aO152,3N49x, N1
100 _aशर्मा, सरयू
245 0 _aकितनी बार
246 _aKitanī bāra
260 _aनई दिल्ली
_b सचिन प्रका0
_c1991
300 _a127पृ.
_ccm.
942 _hO152,3N49x, N1
_cTEXL
_2CC
999 _c359528
_d359528